The Prisoner of Zenda / (Record no. 1497)
[ view plain ]
| 000 -LEADER | |
|---|---|
| fixed length control field | 01398cam a2200265 i 4500 |
| 005 - DATE AND TIME OF LATEST TRANSACTION | |
| control field | 20230918123553.0 |
| 020 ## - INTERNATIONAL STANDARD BOOK NUMBER | |
| International Standard Book Number | 9788182524361 |
| 040 ## - CATALOGING SOURCE | |
| Original cataloging agency | DLC |
| Language of cataloging | eng |
| Transcribing agency | DLC |
| Description conventions | rda |
| Modifying agency | DLC |
| -- | FISKH |
| 050 00 - LIBRARY OF CONGRESS CALL NUMBER | |
| Classification number | PR4762 |
| Item number | .P7 2013 |
| 082 00 - DEWEY DECIMAL CLASSIFICATION NUMBER | |
| Classification number | 823/.8 |
| Edition number | 23 |
| 100 1# - MAIN ENTRY--PERSONAL NAME | |
| Personal name | Hope, Anthony, |
| Dates associated with a name | 1863-1933. |
| 245 14 - TITLE STATEMENT | |
| Title | The Prisoner of Zenda / |
| Statement of responsibility, etc. | Anthony Hope. |
| 260 ## - PUBLICATION, DISTRIBUTION, ETC. | |
| Place of publication, distribution, etc. | Mumbai : |
| Name of publisher, distributor, etc. | Wilco, |
| Date of publication, distribution, etc. | 2011 |
| 300 ## - PHYSICAL DESCRIPTION | |
| Extent | 181 pages : |
| Dimensions | 19 cm |
| 490 0# - SERIES STATEMENT | |
| Series statement | Classic Library |
| 520 ## - SUMMARY, ETC. | |
| Summary, etc. | Five times made into film versions since its original publication in 1894, The Prisoner of Zenda is a perennially popular adventure and romance story. Hope's swashbuckling romance transports his English gentleman hero, Rudolf Rassendyll, from a comfortable life in London to fast-pacedadventures in Ruritania, a mythical land steeped in political intrigue. Rassendyll must impersonate the rightful king in order to rescue him from the castle Zenda, all the while facing tests of honor with the beautiful Princess Flavia, and enduring tests of strength in his encounters with thevillainous Black Michael and his handsome, debonair bodyguard, Rupert of Hentzau. |
| 521 ## - TARGET AUDIENCE NOTE | |
| Target audience note | 730 <br/> |
| Source | Lexile |
| 650 #0 - SUBJECT ADDED ENTRY--TOPICAL TERM | |
| Topical term or geographic name entry element | Kings and rulers |
| Form subdivision | Fiction. |
| 650 #0 - SUBJECT ADDED ENTRY--TOPICAL TERM | |
| Topical term or geographic name entry element | Political kidnapping |
| Form subdivision | Fiction. |
| 655 #7 - INDEX TERM--GENRE/FORM | |
| Genre/form data or focus term | Love stories. |
| Source of term | gsafd |
| 655 #7 - INDEX TERM--GENRE/FORM | |
| Genre/form data or focus term | Fantasy fiction. |
| Source of term | gsafd |
| 906 ## - LOCAL DATA ELEMENT F, LDF (RLIN) | |
| a | 7 |
| b | cbc |
| c | orignew |
| d | 1 |
| e | ecip |
| f | 20 |
| g | y-gencatlg |
| 942 ## - ADDED ENTRY ELEMENTS (KOHA) | |
| Source of classification or shelving scheme | Dewey Decimal Classification |
| Koha item type | Books |
| Suppress in OPAC | No |
| 999 ## - | |
| -- | 1497 |
| -- | 1497 |
| Withdrawn status | Lost status | Source of classification or shelving scheme | Damaged status | Not for loan | Collection | Home library | Current library | Shelving location | Date acquired | Total Checkouts | Full call number | Barcode | Date last seen | Copy number | Price effective from | Koha item type |
|---|---|---|---|---|---|---|---|---|---|---|---|---|---|---|---|---|
| Dewey Decimal Classification | Fiction | Footprints International School Library Network Toul Kork Campus | Footprints International School Library Network Toul Kork Campus | 08/30/2023 | HOP Fic PR4762.P7 | 2023-0403 | 10/10/2023 | 1 | 08/30/2023 | Books | ||||||
| Dewey Decimal Classification | Fiction | Footprints International School Library Network Toul Kork Campus | Footprints International School Library Network Toul Kork Campus | 08/30/2023 | HOP Fic PR4762.P7 | 2023-0404 | 08/30/2023 | 2 | 08/30/2023 | Books | ||||||
| Dewey Decimal Classification | Fiction | Footprints International School Library Network Toul Kork Campus | Footprints International School Library Network Toul Kork Campus | 08/30/2023 | HOP Fic PR4762.P7 | 2023-0405 | 08/30/2023 | 3 | 08/30/2023 | Books |
